000 00681nam a2200253 i 4500
001 C2-0301108
003 PPAK
005 20180728082503.0
008 091202s2009 my |||| ||||| | may d
020 _a9789833316717
040 _aPPAK
_beng
_cPPAK
_erda
082 0 4 _a899.233
_223
090 0 0 _a899.233
_bSHA
_dG
100 0 _aShazly MF,
_eauthor
245 1 0 _aBintang teristimewa
264 1 _aBandar Baru Bangi, Selangor :
_bKarnaDya Solutions ,
_c2009
300 _a220 pages ;
_c19 cm
336 _2rdacontent
_atext
337 _2rdamedia
_aunmediated
338 _2rdacarrier
_avolume
650 1 0 _aMalay fiction.
700 0 _aSelina,
_eeditor
942 _ddc
_cB
999 _c104927
_d104927